000 01365nam a2200385 i 4500
001 000024410
003 DO-SdBNP
005 20260527074041.0
007 ta
008 110127s1975 dr 000 0 spa d
020 _a8489525013 (reimpresión)
040 _aDO-SdBNP
_bspa
_cBNPHU
_erda
049 _aBNPD
082 _a320.97293
_bL358p
_222
100 1 _aLatorre, Eduardo,
_d1941-2003
_97187
_eautor
245 1 0 _aPolítica dominicana contemporánea /
_cEduardo Latorre ; prólogo Miguel A. Heredia B.
264 1 _aSanto Domingo :
_bINTEC,
_c1975.
264 3 _c1979.
300 _ax, 407 páginas
_c21 cm.
336 _2rdacontent
_atexto
_btxt
337 _2rdamedia
_asin mediación
_bn
338 _2rdacarrier
_avolumen
_bnc
500 _aIncluye notas al pie de las páginas.
500 _aLos ejemplares 2 y 3 son reimpresiones de febrero del 1979.
504 _aBibliografía p: 361-407
590 _aInventariado, 2024/ YL
650 0 _aPartidos políticos
_zRepública Dominicana
_9285
650 4 _aElecciones
_zRepública Dominicana
_92992
650 4 _aAutoritarismo
_zRepúública Dominicana
_950039
651 4 _aRepública Dominicana
_xPolítica Y Gobierno
_y1961-
_9204
700 1 _aHeredia B., Miguel A.,
_eprólogo
_950040
710 _aInstituto Tecnológico de Santo Domingo
_978911
910 _aYLockward
942 _2ddc
_cLBS1
999 _c23903
_d23903